LIBRARY & INFORMATION CENTRE, KCAET, TAVANUR

ONLINE PUBLIC ACCESS CATALOGUE (OPAC)

Design text book in civil engineering Vol. 3 | design of dams for percolation and erosion (Record no. 18994)

MARC details
000 -LEADER
fixed length control field 00380nam a22001337a 4500
003 - CONTROL NUMBER IDENTIFIER
control field OSt
008 - FIXED-LENGTH DATA ELEMENTS--GENERAL INFORMATION
fixed length control field 250109b |||||||| |||| 00| 0 eng d
041 ## - LANGUAGE CODE
Language code of text/sound track or separate title eng
082 ## - DEWEY DECIMAL CLASSIFICATION NUMBER
Classification number 627.8
Item number LEL/DE
100 ## - MAIN ENTRY--AUTHOR NAME
Personal name Leliavski
245 ## - TITLE STATEMENT
Title Design text book in civil engineering Vol. 3
Remainder of title design of dams for percolation and erosion
260 ## - PUBLICATION, DISTRIBUTION, ETC. (IMPRINT)
Place of publication New Delhi:
Name of publisher Oxford of IBH,
Year of publication 1979.
942 ## - ADDED ENTRY ELEMENTS (KOHA)
Koha item type Books
Holdings
Withdrawn status Lost status Damaged status Home library Current library Date acquired Cost, normal purchase price Full call number Accession Number Koha item type
      KAUAET KAUAET 09/01/2025 125.00 627.8 LEL/DE 14649 Books
      KAUAET KAUAET 17/01/2025 125.00 627.8 LEL/DE 15566 Books
free website counter